Visualizzazione normale
Vista MARC
- Mills Irving
di Personal Name
Records bibliografici associati: 1
001 - CONTROL NUMBER
- control field: 22864
003 - CONTROL NUMBER IDENTIFIER
- control field: IT-RoPau
005 - DATE AND TIME OF LATEST TRANSACTION
- control field: 20140429123945.0
008 - FIXED-LENGTH DATA ELEMENTS
- fixed length control field: 140429|| aca||aabn | a|a d
040 ## - CATALOGING SOURCE
- Original cataloging agency: IT-RoPau
- Transcribing agency: IT-RoPau
100 ## - HEADING--PERSONAL NAME
- Personal name: Mills Irving
- Miscellaneous information: Codice autore SPICS: 13027
- Relator term: Autore
- Name of part/section of a work: Solitude
670 ## - SOURCE DATA FOUND
- Source citation: Work cat.: (IT-RoPau)100592: Jackson Joe 9314, Joe Jackson/Will Power